Quizzes
Events
Quiz Creation
Community
Videos
Private Events
Remove Ads
Sign In
Join for FREE
Feedback
Dark Mode
Quiz Categories
Sports
Geography
Music
Movies
Television
Just For Fun
Miscellaneous
History
Literature
Language
Science
Gaming
Entertainment
Religion
Holiday
For Kids
Quiz Lab
Recent
Popular Today
Quiz Kudos Today
Editor Picks
Curator Picks
Quizzes by...
Day
Popularity
Type
Ratings
Length
Year
Community
Subscriptions
Recent Discussions
Orange Saloon
Badges
Playlists
Quests
Create
Leaderboards
Showdown
Live 5
Trivia Bingo
Activity
Puzzle Library
Sporcle Events
Private Events
Virtual Trivia
Globe League
Become a Host
Pub Owners
SporcleCon
Opinionation
Our Games
Videos
Blog
Mobile Apps
Partnerships
Remove Ads and Go Orange
Feedback
Television
TV Characters
TV Show
Sitcom
Network
Friends
Reality Shows
Cast
South Park
Star Trek
The Simpsons
Doctor Who
Television
TV Characters
TV Show
Sitcom
Network
Friends
Reality Shows
Cast
South Park
Star Trek
The Simpsons
Doctor Who
Random Quiz
Search Sporcle
×
Quiz Lab
Quiz Lab
Television
Song
Type in answers that appear in a list
Type in answers that appear in a list
Classic
Best Score? Go Orange.
Family Guy's 31 Songs Named After Girls Stats
Can you name the 31 songs named after girls that Brian lists to Stewie?
By
OdysseusKelly
4m
31 Questions
401 Plays
401 Plays
401 Plays
Comments
Comments
Give Quiz Kudos
Give Quiz Kudos
-
- Ratings
hide this ad
More Info
Replay
Link that replays current quiz
Next Quiz
Link to next quiz in quiz playlist
You Got
0%
They Got
Avg Score
38%
Avg Friend Score
Upgrade to see
Score Distribution
Jump to the score distribution portion of the page
Score
0/31
Timer
04:00
0
Plays Today
% Correct
Roxanne
60.6%
Jenny from the block
55.6%
Mandy
52.4%
Eleanor Rigby
51.9%
Billie Jean
48.9%
Sara
47.4%
Lola
45.1%
Layla
43.9%
Michelle
43.6%
Brandy
43.6%
Rosanna
42.6%
Maggie May
40.4%
Angie
40.1%
Jessica
38.4%
Minnie the Moocher
37.9%
Jane
37.9%
% Correct
Cecilia
33.9%
Maria
33.7%
Peggy Sue
33.4%
Alison
33.2%
Gloria
32.7%
Polly
32.7%
Barbara Ann
32.2%
Jean
32.2%
Helena
29.7%
Laura
28.9%
Tracy
27.9%
Sherry
26.9%
Marianne
26.9%
Nancy
24.7%
Wendy
23.4%
Quiz Playlist
Details
Report
Send in Message
Add To Playlist
More Info:
You must enter a full name when applicable. Three titles include last names and two include descriptions of the girl.
Classic:
Type in answers that appear in a list
Quiz Source
Last Updated: Feb 16, 2017
Quiz Scoreboard
CHALLENGE
Sign Up to Join the Scoreboard
Show All
Scores
Hide
Comments
May contain spoilers
Recently Published
Presidents Visiting Landmarks
by Hejman
History
7m
An Introduction to Baseball
by treessimontrees
Sports
5m
Movies - When Are They Set?
by FPL_Elf
Movies
5m
More to Explore
Quiz From the Vault
Featured Blog Post
Where Did the Easter Bunny Come From?
hide this ad
You Might Also Like...
Tags
Song Quiz
Brian
Family Guy
girl
Girls Names
Girl Songs
Stewie
Today's Top Quizzes in Television
Browse Television
hide this ad
Today's Top Quizzes in Song
Browse Song
Top Contributed Quizzes in Television
1
5-to-1: The Simpsons Families
2
5-to-1: Television Doctors
3
7-to-1: TV Show Settings
4
One Piece Logic Puzzle
5
5-to-1: Streaming Originals
6
Survivor Seasons
7
Survivor Logic Puzzle: Heroes vs. Villains
8
TV Shows by First Names
9
Survivor Season by Logo
10
One Thing in Common: Television
Explore More
Trending Topics
Harry Potter
Crossword
Disney
NBA
Marvel
Anime
Kpop
WWE
NFL
Pokémon
Soccer
Puzzle
Country
The Office
Song
hide this ad
More By:
OdysseusKelly
Quiz
Plays
Rating
Category
Featured
Created
If You're Gay...
8,659
4.41
Geography
Mar 13, 2012
Geography Spelling Bee
681
3.42
Geography
Jul 20, 2011
Not-So-Saintly Names (Past Century)
437
4.20
Religion
Aug 2, 2011
Family Guy's 31 Songs Named After Girls
401
4.00
Television
Jun 29, 2011
War on Terror Military Service Locations
386
4.83
Geography
Jul 10, 2011
Go to Creator's Profile
Score Distribution
Quiz Creator Spotlight
OdysseusKelly
Follow
Send a Message
Quizzes Created
-
Created Quiz Play Count
-
More By This Creator
Popular Quizzes Today
1
Find the US States - No Outlines Minefield
2
Find the Countries of Europe - No Outlines Minefield
3
The Countries of the World
4
Find the US States
5
Popular People in 1961
6
US States
7
Risky Map Clicking: Biggest States A-Z
8
Movies - When Are They Set?
More Television Quizzes
50 Divided Sitcoms
Published
Trending Quizzes
Risky Map Clicking: Least Populous States A-Z
1-10 Letter G Words
1-10 Letter F Words
Risky Map Clicking: Next State Alphabetically
Risky Map Clicking: Biggest States A-Z
Recently Updated
Leaping Animals
pecheneg
Reality TV Shows (A-Z)
bhenderson79
Rickey Henderson's Hall of Fame Teammates
pecheneg
Champions League XIs: Arsenal
pecheneg
Quick Pick: Celebrities in WWE's Hall of Fame
aduchscher
A-Z Keypad Blitz II
pecheneg
Multiple Oscar Actors
pecheneg
Mystery Phrase Blitz: Oscar 'Best Actors'
pecheneg
F. Scott Fitzgerald Novels
LTH
Pick 3 Villains
ddd62291
Trending Topics
Disney
Kpop
Crossword
NBA
Anime
Harry Potter
Marvel
Soccer
Song
NFL
Pokémon
Puzzle
WWE
Country
The Office
Your Account Isn't Verified!
In order to create a playlist on Sporcle, you need to verify the email address you used during registration. Go to your
Sporcle Settings
to finish the process.
Report this User
Report this user for behavior that violates our
Community Guidelines
.
Details:
Send Report
Go to the Sporcle.com Mobile Site →
Comments